| 000 | 00475nam a2200181 a 4500 | ||
|---|---|---|---|
| 001 | 3969 | ||
| 005 | 20140414131909.0 | ||
| 008 | 040721s19uu xx 00 eng d | ||
| 020 | _a0-590-12231-2 | ||
| 050 |
_aER _bAr1 1995 |
||
| 100 | _aBrown, Marc | ||
| 245 |
_aArthur's TV trouble / _cMarc Brown. |
||
| 260 |
_aNew York : _bScholastic, _c1995. |
||
| 300 | _a1 v. p. : ill. ; cm. | ||
| 650 |
_aCommunication _xFiction. |
||
| 650 | _aChildren stories. | ||
| 999 |
_c111085 _d111085 |
||